Poetas chinos de la Dinastía Tang: 618-907
Сохранить в:
| Главный автор: | |
|---|---|
| Формат: | |
| Язык: | испанский |
| Опубликовано: |
Madrid
Visor
1997
|
| Серии: | Colección Visor de Poesía, 373
|
| Предметы: | |
| Метки: |
Добавить метку
Нет меток, Требуется 1-ая метка записи!
|
MARC
| LEADER | 00000cam a2200000 a 4500 | ||
|---|---|---|---|
| 001 | UCF9645 | ||
| 003 | CL-VaPUC | ||
| 008 | 131206e19970000sp |||||||||||||||||spa|d | ||
| 020 | |a 8475223737 | ||
| 082 | 0 | 4 | |a 895.101 |b MOR |2 21 |
| 100 | |a Moral, Concepción G. |e autora |9 454877 | ||
| 245 | 1 | 0 | |a Poetas chinos de la Dinastía Tang: 618-907 |
| 300 | |a 167 p | ||
| 942 | |c BK | ||
| 945 | |d 20131206 11:14:00 |a cmena | ||
| 260 | |a Madrid |b Visor |c 1997 | ||
| 650 | 7 | |a POESIAS CHINAS |2 CL-VaPUC |9 267588 | |
| 650 | 0 | |a Antologías |9 309836 | |
| 650 | 7 | |a LITERATURA CHINA |2 CL-VaPUC |9 352595 | |
| 583 | |a last modification |c 20131206 11:14:00 |k Rodrigo Vera | ||
| 490 | 0 | |a Colección Visor de Poesía, 373 | |
| 999 | |c 354061 |d 354059 | ||
| 952 | |0 0 |1 0 |3 erb |4 0 |6 895_101000000000000_MOR_1997 |7 0 |8 A |9 459705 |a FDOSRS |b FDOSRS |i 5022770 |o 895.101 MOR 1997 |p 5022770 |r 2019-11-23 |w 2019-11-23 |y BK |z Catalogado en:20131206 |k SRS | ||